01012nam a22002651 450000100060000000300080000600500170001400800390003103500190007003500190008904000440010804100080015208200180016010000320017824500560021026000770026630000260034350000590036950001290042850400550055765000460061265000240065865000380068270000260072030161BD-RjUL20211209051525.0140409r19641937enk b 000 0 eng a(BD-RjUL)30246 a(OCoLC)2660159 aDLCcScUdScUdOCoLCdDLCdBD-RjULbeng aeng00a164bCAL 19641 aCarnap, Rudolf,d1891-1970.14aThe logical syntax of language /cby Rudolf Carnap. aLondon :bK. Paul, Trench, Trubner & co., ltd.,c1937 [impression 1964]. axvi, 352 p. ;c22 cm. a"Translated by Amethe Smeaton (Countess von Zeppelin)" a"The present English edition contains some sections which are not found in the German original."--Preface to the English ed. a"Bibliography and index of authors": p. [334]-346. 0aGrammar, Comparative and generalxSyntax. 0aLogical positivism. 0aLogic, Symbolic and mathematical.1 aSmeaton, Amethe,etr.